Normal view
MARC view
- Habraken, N. J.
Entry Personal Name
001 - CONTROL NUMBER
- control field: 38674
003 - CONTROL NUMBER IDENTIFIER
- control field: OSt
005 - DATE AND TIME OF LATEST TRANSACTION
- control field: 20151104115409.0
008 - FIXED-LENGTH DATA ELEMENTS
- fixed length control field: 151104|| aca||aabn | a|a d
040 ## - CATALOGING SOURCE
- Original cataloging agency: OSt
100 1# - HEADING--PERSONAL NAME
- Personal name: Habraken, N. J.
400 1# - SEE FROM TRACING--PERSONAL NAME
- Personal name: Habraken, N. John
400 1# - SEE FROM TRACING--PERSONAL NAME
- Personal name: Habraken, John
400 1# - SEE FROM TRACING--PERSONAL NAME
- Personal name: Habraken, Nicolaas John